000 00436nam a2200169 i 4500
001 55508
003 ES-MaACL
005 20230906163148.0
007 t|
008 030922s1910 it ||||1| ita d
100 1 _aDe Sanctis, Francesco.
_943078
245 1 0 _aNuovi saggi critici /
_cFrancesco de Sanctis.
250 _a24ยช ed.
260 _aNapoli :
_bA. Morano,
_c1910.
300 _a527 p. ;
_c20 cm.
852 _aES-MaACL
_jD-699
999 _c55508
_d55508